Роль государства в национальной экономике; Проблемы управления рыночной экономикой

Dettagli Bibliografici
Parent link:Проблемы управления рыночной экономикой.— 2002.— С. 234-242
Autore principale: Антонова З. Г. Зоя Георгиевна
Lingua:russo
Pubblicazione: 2002
Soggetti:
Natura: MixedMaterials Capitolo di libro
KOHA link:https://koha.lib.tpu.ru/cgi-bin/koha/opac-detail.pl?biblionumber=218787

MARC

LEADER 00000naa2a2200000 4500
001 218787
005 20231031194939.0
035 |a (RuTPU)RU\TPU\book\238820 
035 |a RU\TPU\book\238819 
090 |a 218787 
100 |a 20120626d2002 k y0rusy50 ca 
101 0 |a rus 
102 |a RU 
200 1 |a Роль государства в национальной экономике  |f З. Г. Антонова 
463 0 |0 (RuTPU)RU\TPU\book\69947  |t Проблемы управления рыночной экономикой  |o региональный сборник научных трудов  |h Вып. 4  |f Томский политехнический университет; под ред. И. Е. Никулиной, М. А. Саленко  |v С. 234-242  |d 2002  |p 414 с. 
610 1 |a труды учёных ТПУ 
700 1 |a Антонова  |b З. Г.  |c специалист в области экономики  |c доцент Томского политехнического университета, кандидат экономических наук  |f 1947-  |g Зоя Георгиевна  |2 stltpush  |3 (RuTPU)RU\TPU\pers\25988 
801 1 |a RU  |b 63413507  |c 20120626 
801 2 |a RU  |b 63413507  |c 20120626  |g RCR 
942 |c BK